| 000 | 01719cam a22004212 4500 | ||
|---|---|---|---|
| 001 | 1859890199 | ||
| 003 | DE-627 | ||
| 005 | 20250218132637.0 | ||
| 007 | cr uuu---uuuuu | ||
| 008 | 230919s2013 xx |||||o 00| ||eng c | ||
| 020 | _a9789063693602 | ||
| 035 | _a(DE-627)1859890199 | ||
| 035 | _a(DE-599)KEP034177337 | ||
| 035 | _a(EBC)EBC4045029 | ||
| 035 | _a(EBL)EBL4045029 | ||
| 035 | _a(EBR)ebr11221429 | ||
| 035 | _a(DE-627-1)034177337 | ||
| 040 |
_aDE-627 _bger _cDE-627 _erda |
||
| 041 | _aeng | ||
| 082 | 0 | _a650.1 | |
| 100 | 1 |
_aSalenbacher, Jurgen _eVerfasserIn _4aut |
|
| 245 | 1 | 0 |
_aCreative Personal Branding _bThe Strategy to Answer: What’s next |
| 250 | _a1st ed. | ||
| 264 | 1 |
_aAmsterdam _bBIS Publishers _c2013 |
|
| 264 | 4 | _c©2013 | |
| 300 | _a1 online resource (178 pages) | ||
| 336 |
_aText _btxt _2rdacontent |
||
| 337 |
_aComputermedien _bc _2rdamedia |
||
| 338 |
_aOnline-Ressource _bcr _2rdacarrier |
||
| 500 | _aDescription based on publisher supplied metadata and other sources | ||
| 520 | _aIn six chapters, Jürgen Salenbacher describes the importance, especially in the creative industries to collaborate, inspire, and to participate creatively and yet efficiently to achieve goals in the global market. | ||
| 520 | _aCover Page -- Table of Contents -- Preface -- 1. Reflect! -- 2. Reframe! -- 3. Create! -- 4. Grow! -- 5. Differentiate! -- 6. Go! -- Notes -- Thanks -- About Author -- Short Booklist -- Back Cover. | ||
| 776 | 1 | _z9789063693152 | |
| 776 | 0 | 8 |
_iErscheint auch als _nDruck-Ausgabe _z9789063693152 |
| 856 | 4 | 0 |
_uhttps://ebookcentral.proquest.com/lib/kxp/detail.action?docID=4045029 _mX:EBC _zlizenzpflichtig |
| 942 |
_2ddc _cBK _n0 |
||
| 951 | _aBO | ||
| 999 |
_c301 _d301 |
||